Auswirkungen der Arbeitsmarktöffnung am 1. Jänner 2014 auf den Wirtschafts- und Arbeitsstandort Österreich (Record no. 7122)

MARC details
000 -LEADER
fixed length control field 01550nam a22004337i 4500
001 - CONTROL NUMBER
control field 8509
003 - CONTROL NUMBER IDENTIFIER
control field OSt
005 - DATE AND TIME OF LATEST TRANSACTION
control field 20180829175519.0
008 - FIXED-LENGTH DATA ELEMENTS--GENERAL INFORMATION
fixed length control field 161220t2013 au |||||||||||||||||ger|d
024 7# - OTHER STANDARD IDENTIFIER
Standard number or code 8509
Source of number or code RID
040 ## - CATALOGING SOURCE
Transcribing agency OSt
084 ## - OTHER CLASSIFICATION NUMBER
Classification number J00
-- J61
-- J21
-- J11
-- J82
-- E17
Number source jelc
100 1# - MAIN ENTRY--PERSONAL NAME
Personal name Landesmann, Michael
245 00 - TITLE STATEMENT
Title Auswirkungen der Arbeitsmarktöffnung am 1. Jänner 2014 auf den Wirtschafts- und Arbeitsstandort Österreich
260 ## - PUBLICATION, DISTRIBUTION, ETC.
Place of publication, distribution, etc. Wien :
Name of publisher, distributor, etc. Wiener Institut für Internationale Wirtschaftsvergleiche (wiiw),
Date of publication, distribution, etc. 2013.
300 ## - PHYSICAL DESCRIPTION
Extent 85 S.
490 1# - SERIES STATEMENT
Series statement wiiw Forschungsarbeiten in deutscher Sprache
Volume/sequential designation Oktober 2013
500 00 - GENERAL NOTE
General note Studie im Auftrag des Bundesministeriums für Wirtschaft, Familie und Jugend und des Bundesministeriums für Arbeit, Soziales und Konsumentenschutz
690 ## - LOCAL SUBJECT ADDED ENTRY--TOPICAL TERM (OCLC, RLIN)
Topical term or geographic name as entry element Labour, Migration and Income Distribution
690 ## - LOCAL SUBJECT ADDED ENTRY--TOPICAL TERM (OCLC, RLIN)
Topical term or geographic name as entry element Macroeconomic Analysis and Policy
650 ## - SUBJECT ADDED ENTRY--TOPICAL TERM
Topical term or geographic name entry element migration
650 ## - SUBJECT ADDED ENTRY--TOPICAL TERM
Topical term or geographic name entry element EU accession – Bulgaria and Romania
650 ## - SUBJECT ADDED ENTRY--TOPICAL TERM
Topical term or geographic name entry element impact on EU labour markets
650 ## - SUBJECT ADDED ENTRY--TOPICAL TERM
Topical term or geographic name entry element impact on Austria
650 ## - SUBJECT ADDED ENTRY--TOPICAL TERM
Topical term or geographic name entry element labour mobility
650 ## - SUBJECT ADDED ENTRY--TOPICAL TERM
Topical term or geographic name entry element forecasts and impact analysis
651 ## - SUBJECT ADDED ENTRY--GEOGRAPHIC NAME
Geographic name Austria
651 ## - SUBJECT ADDED ENTRY--GEOGRAPHIC NAME
Geographic name Bulgaria
651 ## - SUBJECT ADDED ENTRY--GEOGRAPHIC NAME
Geographic name New Member States
651 ## - SUBJECT ADDED ENTRY--GEOGRAPHIC NAME
Geographic name Romania
700 1# - ADDED ENTRY--PERSONAL NAME
Personal name Mara, Isilda
700 1# - ADDED ENTRY--PERSONAL NAME
Personal name Vidovic, Hermine
700 1# - ADDED ENTRY--PERSONAL NAME
Personal name Hofer, Helmut
700 1# - ADDED ENTRY--PERSONAL NAME
Personal name Schuster, Philip
700 1# - ADDED ENTRY--PERSONAL NAME
Personal name Titelbach, Gerlinde
830 #0 - SERIES ADDED ENTRY--UNIFORM TITLE
Title of a work wiiw Forschungsarbeiten in deutscher Sprache
Volume/sequential designation Oktober 2013
Bibliographic record control number WIIW0000107
856 ## - ELECTRONIC LOCATION AND ACCESS
Uniform Resource Identifier <a href="https://wiiw.ac.at/p-3032.html">https://wiiw.ac.at/p-3032.html</a>
942 ## - ADDED ENTRY ELEMENTS (KOHA)
Koha item type Paper
Holdings
Withdrawn status Lost status Damaged status Not for loan Home library Current library Shelving location Date acquired Inventory number Total Checkouts Barcode Date last seen Price effective from Koha item type
        WIIW WIIW Library 10/01/2013 8509   10005951 01/26/2017 01/26/2017 Paper
The Vienna Instiute for International Economic Studies (wiiw)